Statistics for Countries by famous dishes

Click here to take the quiz!

General Stats

  • This quiz has been taken 82 times
  • The average score is 9 of 11

Answer Stats

Answer% Correct
Italy
100%
France
96%
Mexico
94%
Austria
91%
Germany
91%
Japan
90%
Turkey
83%
Greece
69%
Spain
67%
Russia
60%
Hungary
41%

Score Distribution

Percentile by Number Answered

Percent of People with Each Score

Your Score History

You have not taken this quiz